000 00300nam a22001337a 4500
008 170403b xxu||||| |||| 00| 0 eng d
020 _a0534519121
041 _aeng
080 _210TH
_a574
100 _a9
101 _aSHM
245 _aLIVING IN THE ENVIRONMENT
_cMILLER, G.T
942 _2udc
_cBK
999 _c9553
_d9553